书目信息 |
| 题名: |
化学中的探索:发现式实验手册
|
|
| 作者: | 基尔达尔 著 ;高华 译 | |
| 分册: | ||
| 出版信息: | 北京 高等教育出版社 2000.9 |
|
| 页数: | 277页 | |
| 开本: | 23cm | |
| 丛书名: | ||
| 单 册: | ||
| 中图分类: | O6-3 | |
| 科图分类: | ||
| 主题词: | 化学实验 | |
| 电子资源: | ||
| ISBN: | 7-04-008896-7 | |
| 000 | 00649nam0 2200205 45 | |
| 001 | 0257510920 | |
| 005 | 2002061015583045 | |
| 010 | @a7-04-008896-7@dRMB 20.90 | |
| 100 | @a20020610d2000 km y0chiy0120 ea | |
| 101 | 0 | @achi |
| 102 | @aCN@b110000 | |
| 200 | 1 | @a化学中的探索:发现式实验手册@Ahua xue zhong de tan suo:fa xian shi shi yan shou ce@f(美)基尔达尔等著;高华译@F(mei)ji er da er deng zhu;gao hua yi |
| 210 | @a北京@c高等教育出版社@d2000.9 | |
| 215 | @a277页@d23cm | |
| 606 | 0 | @a化学实验 |
| 690 | @aO6-3@v3 | |
| 701 | 0 | @a基尔达尔@Aji er da er@4著 |
| 702 | 0 | @a高华@Agao hua@4译 |
| 801 | 0 | @aCN@bPFT@c20020610 |
| 905 | @a安徽大学@dO6-3@eJ038 | |
| 化学中的探索:发现式实验手册/(美)基尔达尔等著;高华译.-北京:高等教育出版社,2000.9 |
| 277页;23cm |
| ISBN 7-04-008896-7:RMB 20.90 |
| ● |
| 相关链接 |
|
|
|
正题名:化学中的探索:发现式实验手册
索取号:O6-3/J038
 
预约/预借
| 序号 | 登录号 | 条形码 | 馆藏地/架位号 | 状态 | 备注 |
| 1 | 363390 | 203633906 | 自科库401/401自科库 60排5列5层/ [索取号:O6-3/J038] | 在馆 | |
| 2 | 363391 | 203633915 | 自科库401/401自科库 60排5列5层/ [索取号:O6-3/J038] | 在馆 | |
| 3 | 363392 | 203633924 | 自科库401/401自科库 60排5列5层/ [索取号:O6-3/J038] | 在馆 |